De la sociedad anónima y la responsabilidad civil de los directores

Saved in:
Bibliografiske detaljer
Hovedforfatter: Carey Bustamante, Guillermo (Author)
Format: Bog
Sprog:spansk
Udgivet: Santiago Universitaria 1992
Serier:Nueva Técnica
Fag:
Tags: Tilføj Tag
Ingen Tags, Vær først til at tagge denne postø!

MARC

LEADER 00000nam a2200000 a 4500
001 UCV3207
003 CL-VaPUC
008 930430e19920000CL |||||||||||||||||spa|d
082 0 4 |a 346.066  |b CAR  |2 21 
100 0 |a Carey Bustamante, Guillermo  |e author  |9 297477 
245 1 0 |a De la sociedad anónima y la responsabilidad civil de los directores 
300 |a 242 p 
942 |c BK 
945 |d 19930430 00:00:00 
260 |a Santiago  |b Universitaria  |c 1992 
650 0 |a Directores de compañías  |9 258851 
650 7 |a RESPONSABILIDAD CIVIL  |2 CL-VaPUC  |9 297478 
650 0 |a Sociedades anónimas  |9 255387 
650 0 |a Derecho y legislación   |9 255077 
651 7 |a CHILE  |2 CL-VaPUC  |9 297479 
583 |a last modification  |c 19930430 00:00:00  |k Rodrigo Vera 
490 0 |a Nueva Técnica 
999 |c 210510  |d 210508 
952 |0 0  |1 0  |4 0  |6 346_066000000000000_CAR_1992  |7 0  |8 A  |9 186818  |a BIBDER  |b BIBDER  |d 2019-11-14  |i 254427K  |l 14  |m 6  |o 346.066 CAR 1992  |p 254427K  |r 2025-04-01  |s 2025-03-25  |w 2019-11-14  |y BK  |k DER